000 00201 a2200097 4500
001 3014
100 _aPerzada, S.S.
245 _aFoundation of Pakistan
260 _a
_bN.P.A.
_c
090 _c2299
_d2299
942 _aNUST-CAE
_cM
_c14435
999 _c238087
_d238087